The complete word study dictionary: (Record no. 940)

000 -LEADER
fixed length control field 00587nam a2200181 a 4500
001 - CONTROL NUMBER
control field :::00014119$&:&@@
003 - CONTROL NUMBER IDENTIFIER
control field OkBaRHE
005 - DATE AND TIME OF LATEST TRANSACTION
control field 20100325141746.0
008 - FIXED-LENGTH DATA ELEMENTS--GENERAL INFORMATION
fixed length control field s1992 j 000 0 eng u
040 ## - CATALOGING SOURCE
Transcribing agency
100 1# - MAIN ENTRY--PERSONAL NAME
Personal name Zodhiates, Spiros.
245 14 - TITLE STATEMENT
Title The complete word study dictionary:
Remainder of title New Testament.
260 ## - PUBLICATION, DISTRIBUTION, ETC. (IMPRINT)
Place of publication, distribution, etc Chattanooga, TN., : AMG Publishers
Date of publication, distribution, etc 1992
300 ## - PHYSICAL DESCRIPTION
Extent 1505 p. ;
Dimensions 23 cm.
650 ## - SUBJECT ADDED ENTRY--TOPICAL TERM
Topical term or geographic name as entry element Bible New Testament
General subdivision Dictionaries
942 ## - ADDED ENTRY ELEMENTS (KOHA)
Source of classification or shelving scheme
Koha item type Books
Copies
Permanent Location Price effective from Shelving location Date last seen Date acquired Full call number Lost status Not for loan Damaged status Withdrawn status Copy number Collection code Barcode Source of classification or shelving scheme Koha item type
RHEMA Bible Training College2010-04-14General Stacks2010-04-142010-04-14PA 881 .Z6 1992    1Reference14119 Books